00299nam a2200109Ia 4500008004100000041001200041100001900053245008800072260000600160650000600166700001700172221030s9999 xx 000 0 und d aEnglish aE. K. Meislich 0aSchaum`s 3000 Solved Problems in Organic Chemistrycby E. K. Meislich, H. Meishlich c0 aB aH. Meishlich